000 00563nam a2200205Ia 4500
005 20250326144949.0
008 250326s9999 xx 000 0 und d
020 _a0-15-506869-5
037 _aTextbook
040 _aFMSL
_beng
_cFMSL
041 _aeng
_2eng
084 _aX8(A):8 P1
_qFMSL
100 _aShafritz J M
_9121743
245 0 _aClassic of organization theory
_cShafritz J M; Ott J S
250 _a5
260 _aNY
_bNY, Harcourt College Pub.
_c2001
300 _axiv,542
942 _cTB
_hX8(A):8 P1
999 _c1305826
_d1305826